| 000 | 00413nam a2200157 a 4500 | ||
|---|---|---|---|
| 001 | 2892 | ||
| 003 | CDMR | ||
| 005 | 20130805120351.0 | ||
| 008 | 130130s2011||||||||||||||||||||||||||||d | ||
| 020 | _a9788484093763 | ||
| 040 |
_aCDMR _bcat _cCPC LLEIDA |
||
| 100 | 1 |
_aFullola Fuster, Jaume _92127 |
|
| 245 | 1 | 0 |
_aMiners i pagesos _cFULLOLA FUSTER, Jaume |
| 260 |
_aLleida _c2011 _bDiputació de Lleida |
||
| 942 |
_cMON _2udc |
||
| 999 |
_c2892 _d2892 |
||